000 00554nam a2200193 i 4500
001 103705
003 ES-MaACL
005 20230906183429.0
007 t|
008 060508s2005 sp ||||1| spa d
020 _a84-931361-6-6
080 _a821.134.2-14"19"
100 1 _aSanz, María.
_9103587
245 1 0 _aMínimo sol de invierno /
_cMaría Sanz.
260 _aGijón :
_bCajAstur,
_c2005.
300 _a47 p. ;
_c20 cm.
500 _aPremio Internacional de Poesía Ateneo Jovellanos de Gijón.
852 _aES-MaACL
_j2201-F-12
_bR.137339
999 _c103705
_d103705